Zachrání spalovací motory e-paliva?

Zatiaľ čo európska klimatická politika naďalej smeruje k elektrifikácii dopravy, objavujú sa hlasy, že cestou môže byť aj využitie obnoviteľných alebo nízkouhlíkových kvapalných palív v spaľovacích motoroch. To by mohlo umožniť výrobu automobilov s týmto typom pohonu aj po roku 2035.

Salvato in:
Dettagli Bibliografici
Autore principale: Adámková, Alena
Natura: Capitolo di libro
Lingua:ceco
Soggetti:
Tags: Aggiungi Tag
Nessun Tag, puoi essere il primo ad aggiungerne!!

MARC

LEADER 00000naa a2200000 4500
001 0312456
005 20250926101335.4
041 0 |a cze 
044 |a CZ 
245 1 0 |a Zachrání spalovací motory e-paliva?  |c Alena Adámková 
520 |a Zatiaľ čo európska klimatická politika naďalej smeruje k elektrifikácii dopravy, objavujú sa hlasy, že cestou môže byť aj využitie obnoviteľných alebo nízkouhlíkových kvapalných palív v spaľovacích motoroch. To by mohlo umožniť výrobu automobilov s týmto typom pohonu aj po roku 2035. 
610 2 0 |a elektrifikácia 
610 2 0 |a doprava 
610 2 0 |a elektromobily 
610 2 0 |a emisie 
610 2 0 |a ekológia 
100 1 |a Adámková, Alena